| 000 | 00473nam a22001817a 4500 | ||
|---|---|---|---|
| 999 |
_c3685 _d3684 |
||
| 005 | 20210909130244.0 | ||
| 008 | 160623b xxu||||| |||| 00| 0 eng d | ||
| 020 | _a81-7656-9611-X | ||
| 041 | _aeng | ||
| 082 |
_b9373 _a005.13 |
||
| 100 |
_aBayRoss, Ivan _96925 |
||
| 245 | _aSQL, PL/SQL The programming language of oracle | ||
| 250 | _a3rd revised ed. | ||
| 260 |
_bBPB publications _anew delhi |
||
| 300 | _a443 | ||
| 650 |
_ainformation Technology _9137 |
||
| 942 | _cBK | ||